| Tag |
First Indicator |
Second Indicator |
Subfields |
| LEADER |
00000cam a2200000 a 4500 |
| 001 |
in00001176166 |
| 005 |
20210626063211.0 |
| 007 |
he bmb|||baca |
| 008 |
930518s1740 enk b 000 0 eng d |
| 035 |
|
|
|a (OCoLC)28122598
|
| 035 |
|
|
|9 AGH6047AM
|
| 040 |
|
|
|a MIA
|c SA9
|d TXA
|d UtOrBLW
|
| 043 |
|
|
|a e-uk---
|a e-sp---
|
| 049 |
|
|
|a TXAI
|
| 099 |
|
|
|a fiche
|a C
|a 15360
|
| 245 |
0 |
4 |
|a The Conduct of His Grace the D-ke of Ar--le for the four last years review'd :
|b together with His Grace's speech, April 15th, 1740, upon the state of the nation.
|
| 264 |
|
3 |
|a London :
|b Printed for Mr. Webb, near St. Paul's,
|c 1740.
|
| 300 |
|
|
|a 63 pages ;
|c 20 cm.
|
| 336 |
|
|
|a text
|b txt
|2 rdacontent
|
| 337 |
|
|
|a microform
|b h
|2 rdamedia
|
| 338 |
|
|
|a microfiche
|b he
|2 rdacarrier
|
| 500 |
|
|
|a Signatures: 1 leaf unsigned, [A]-D⁴, [dagger]E², E-G⁴.
|5 MoU
|
| 510 |
4 |
|
|a Sabin
|c 10227
|
| 533 |
|
|
|a Microfiche.
|b Woodbridge, CT :
|c Research Publications,
|d 1992.
|e 1 microfiche : negative ; 11 x 15 cm.
|f (Selected Americana from Sabin's Dictionary of books relating to America)
|
| 500 |
|
|
|a Microform.
|
| 600 |
1 |
0 |
|a Argyle, John Campbell,
|c Duke of,
|d 1680-1743.
|
| 651 |
|
0 |
|a Great Britain
|x Foreign relations
|z Spain.
|
| 651 |
|
0 |
|a Spain
|x Foreign relations
|z Great Britain.
|
| 651 |
|
0 |
|a Great Britain
|x Politics and government
|y 18th century.
|
| 700 |
1 |
|
|a Argyle, John Campbell,
|c Duke of,
|d 1680-1743.
|
| 999 |
|
|
|a MARS
|
| 999 |
f |
f |
|s 885559ad-c93e-38d4-ac3d-514213d6962f
|i 81b8a203-551c-3d81-96f5-7f2c022f1f03
|t 0
|
| 952 |
f |
f |
|p default
|a Texas A&M University
|b College Station
|c Sterling C. Evans Library
|d Evans: Microforms (3rd floor)
|t 0
|e fiche C 15360
|h Other scheme
|i microform -- microfiche
|
| 998 |
f |
f |
|a fiche C 15360
|t 0
|l Evans: Microforms (3rd floor)
|